[Event "IECC CL6-2001.34"]
[Site "IECC email"]
[Date "2001.11.28"]
[Round "?"]
[White "Ceroni, Matteo"]
[Black "Peeters, Pro"]
[Result "1/2-1/2"]
[WhiteElo "1349"]
[BlackElo "1244"]
[PlyCount "73"]
[EventDate "2001.??.??"]
[EventType "tourn (corr)"]
[EventRounds "4"]
[SourceTitle "Corr 2008"]
[Source "ChessBase"]
[SourceDate "2008.06.24"]
[SourceVersion "1"]
[SourceVersionDate "2008.06.24"]
[SourceQuality "1"]

1. e4 e5 2. Nf3 Nc6 3. Bc4 Nf6 4. d4 exd4 5. 0-0 Bc5 6. e5 d5 7. exf6 dxc4 8. Re1+ Be6 9. Ng5 Qd5 10. Nc3 Qf5 11. Nce4 Bf8 12. Nxf7 Kxf7 13. Ng5+ Kg8 14. Nxe6 Qxf6 15. Qe2 d3 16. cxd3 Re8 17. Bg5 Qf7 18. Qg4 cxd3 19. Rad1 Bd6 20. Bh6 Qg6 21. Qc4 Ne5 22. Rxe5 Bxe5 23. Nxg7+ Qf7 24. Qxf7+ Kxf7 25. Nxe8 Rxe8 26. b3 Rd8 27. Be3 Bd6 28. f4 Ba3 29. Kf2 c5 30. Bc1 Bxc1 31. Rxc1 b5 32. Ke3 c4 33. bxc4 bxc4 34. Kd2 Rc8 35. Re1 Rc6 36. Kc3 Kf6 37. g3 1/2-1/2

[Event "IECC CL6-2001.34"]
[Site "IECC email"]
[Date "2001.11.28"]
[Round "?"]
[White "Peeters, Pro"]
[Black "Popp, Tony"]
[Result "1-0"]
[WhiteElo "1200"]
[BlackElo "1359"]
[PlyCount "51"]
[EventDate "2001.??.??"]
[EventType "tourn (corr)"]
[EventRounds "4"]
[SourceTitle "Corr 2008"]
[Source "ChessBase"]
[SourceDate "2008.06.24"]
[SourceVersion "1"]
[SourceVersionDate "2008.06.24"]
[SourceQuality "1"]

1. e4 c5 2. Nf3 g6 3. c4 Bh6 4. Nc3 Nc6 5. d4 Bxc1 6. Rxc1 cxd4 7. Nxd4 d6 8. Be2 Bd7 9. 0-0 Nf6 10. a3 0-0 11. b4 b6 12. f4 e5 13. Nxc6 Bxc6 14. fxe5 dxe5 15. Qxd8 Rfxd8 16. Rxf6 Rac8 17. Rcf1 Be8 18. Nd5 Kg7 19. R6f2 Rc6 20. g4 Rcd6 21. c5 bxc5 22. bxc5 Rc6 23. Bb5 Rxc5 24. Bxe8 Rxe8 25. Rxf7+ Kh8 26. Nf6 1-0